Hound Breeds Quiz Stats

 Plays Quiz not verified by Sporcle

Also try: Click a Don
Challenge
Share
Tweet
Embed
Score 0/27 Timer 08:00
0 Plays Today
Hound Group % Correct
Bloodhound
90%
Basset Hound
86.7%
Beagle
76.7%
Greyhound
73.3%
Irish Wolfhound
73.3%
Afghan Hound
66.7%
American Foxhound
63.3%
Bluetick Coonhound
63.3%
Otterhound
63.3%
Plott
63.3%
Scottish Deerhound
60%
Whippet
60%
Black and Tan Coonhound
56.7%
English foxhound
56.7%
Hound Group % Correct
Ibizan Hound
56.7%
Redbone Coonhound
56.7%
Saluki
56.7%
Basenji
53.3%
Dachshund
53.3%
Norwegian Elkhound
53.3%
Borzoi
50%
Rhodesian Ridgeback
50%
Harrier
43.3%
Pharaoh Hound
43.3%
Treeing Walker Coonhound
40%
American English Coonhound
36.7%
Petit Basset Griffon Vendéen
30%

You're not logged in!

Compare scores with friends on all Sporcle quizzes.
Join for Free
OR
Log In

You Might Also Like...

Show Comments

Extras

Created Sep 12, 2012SourceReportNominate
Tags:breed, dog, hound, Hound Group

Top Quizzes Today


Score Distribution

Your Account Isn't Verified!

In order to create a playlist on Sporcle, you need to verify the email address you used during registration. Go to your Sporcle Settings to finish the process.

Report this User

Report this user for behavior that violates our Community Guidelines.

Details: